00873nam a2200217 i 4500001000300000245008100003260005900084300004500143490006200188500003800250504002600288650005800314700002700372830005300399020001500452040000800467041001300475080002800488008004100516856009800557bg00aPogranicze z Niemcami a inne pogranicza Polski /cpod red. Zbigniewa Kurcza. aWrocław :bWydaw. Uniwersytetu Wrocławskiego,c1999. a282, [3] s. :b3 mapy, 3 wykr. ;c24 cm.1 aActa Universitatis Wratislaviensis,x0239-6661 ;vno 2135 aStreszcz. ang., niem. przy rozdz. aBibliogr. przy rozdz. 9aRegiony przygranicznexsocjologiazPolskayod 1989 r.1 aKurcz, Zbigniew.eRed. aActa Universitatis Wratislaviensis,x0239-6661 ; a8322919115 cBPK0 aplbende a316.4(438-04)"1989/..." s pl f |000 0 pol  uhttp://koha.tu.koszalin.pl/cgi-bin/koha/opac-detail.pl?biblionumber=36401yKatalog online BPK